000
00196 a2200097 4500
001
837
100
_a
Slater,J.C
245
_a
Microwave electronics
260
_a
_b
Nostrand
_c
090
_c
428
_d
428
942
_a
NUST-CAE
_c
M
_c
30578
999
_c
235910
_d
235910